Länder Afrikas - Sudden Death - Statistiken

Allgemein
  • Dieses Quiz wurde 2.718 mal gespielt
  • Das Durchschnittsergebnis liegt bei 15 aus 20
Answers on the Grid
Answers color-coded by a green-red scale on the quiz's grid according to % correct below.
Kamerun
Malawi
Brunei
Ruanda
Bhutan
Gambia
Togo
Guyana
Tschad
Burundi
Belize
Andorra
Eritrea
Kenia
Botsuana
Jemen
Bahrain
Burkina Faso
Guinea
Uganda
Libyen
Libanon
Osttimor
Nordmazedonien
Tunesien
Gabun
Lesotho
Dschibuti
Ägypten
Äquatorialguinea
 
Antwortstatistiken
Antwort % Korrekt
Kamerun
95%
Togo
84%
Ruanda
83%
Gambia
77%
Malawi
77%
Eritrea
76%
Kenia
76%
Tschad
75%
Ägypten
74%
Uganda
73%
Burkina Faso
71%
Burundi
71%
Guinea
71%
Tunesien
71%
Gabun
67%
Libyen
67%
Botsuana
66%
Lesotho
65%
Dschibuti
64%
Äquatorialguinea
63%
Keine übereinstimmenden Quizze gefunden
Verteilung der Resultate
Anzahl Personen mit jedem Resultat
Perzentil nach korrekt beantworteten Fragen
Ihre Resultats-Entwicklung
Sie haben dieses Quiz noch nicht gespielt